Normal view
MARC view
- Swegle, John Benford, James
Entry Personal Name
001 - CONTROL NUMBER
- control field: 73849
003 - CONTROL NUMBER IDENTIFIER
- control field: NUST
005 - DATE AND TIME OF LATEST TRANSACTION
- control field: 20210628205107.0
008 - FIXED-LENGTH DATA ELEMENTS
- fixed length control field: 210628|| aca||aabn | a|a d
040 ## - CATALOGING SOURCE
- Original cataloging agency: NUST
- Transcribing agency: NUST
100 ## - HEADING--PERSONAL NAME
- Personal name: Swegle, John Benford, James
670 ## - SOURCE DATA FOUND
- Source citation: Work cat.: (NUST): Swegle, John Benford, James, High power microwaves, 1992
